Bolivia: un país de re-configuraciones por una cultura de pactos políticos y de conflictos /
Сохранить в:
| Главный автор: | |
|---|---|
| Другие авторы: | |
| Формат: | Текст |
| Предметы: | |
| Метки: |
Добавить метку
Нет меток, Требуется 1-ая метка записи!
|
MARC
| LEADER | 00000 a a2200000 04500 | ||
|---|---|---|---|
| 001 | 40546 | ||
| 003 | |||
| 040 | |||
| 100 | |a Córdova E., Eduardo | ||
| 245 | |a Bolivia: un país de re-configuraciones por una cultura de pactos políticos y de conflictos / |c Eduardo E. Córdova ; Humberto Vargas R. | ||
| 650 | |a MOVIMIENTOS CAMPESINOS/MOVIMIENTOS SOCIALES/POBLACION INDIGENA/HISTORIA POLITICA/COCAINA/DERECHOS SOBRE LAS AGUAS/BOLIVIA | ||
| 700 | |a Vargas R., Humberto | ||
| 773 | |g páginas 85-102 | ||
| 999 | |c 30855 |d 30855 | ||
